| 000 | 00362pam a2200157a 44500 | ||
|---|---|---|---|
| 008 | 230405s2005 xxu||||| |||| 00| 0 eng d | ||
| 041 | _aENG | ||
| 100 | _aParker Barbara | ||
| 245 | _aIntroduction to Globalization & Business | ||
| 250 | _a1 | ||
| 260 |
_a _bresponse pub _c2005 |
||
| 300 | _a523p,23cm | ||
| 440 | _a725 | ||
| 690 | _aIMRDA | ||
| 906 | _a4837 | ||
| 999 |
_c257696 _d257696 |
||